000 00701nam a2200205 i 4500
001 28601
003 ES-MaACL
005 20230906153908.0
007 t|
008 030117s1932 sp ||||1| spa d
100 1 _aAzpeitia Esteban, Mateo.
_924345
245 1 0 _aLegislación notarial
_b: obra ajustada al programa de oposiciones a notarios determinadas el 19 de junio de 1926 /
_cpor Mateo Azpeitia Esteban.
260 _aMadrid :
_bReus,
_c1932.
300 _a504 p. ;
_c20 cm.
490 1 _aBiblioteca oposiciones. Contestaciones Reus
830 0 _aBiblioteca oposiciones. Contestaciones Reus
_9229273
852 _aES-MaACL
_jA-1906
852 _aES-MaACL
_jA-1905
999 _c28601
_d28601